000 01066nam a2200301 c 4500
003 BLK
005 20180421000318.0
008 180411b bul|||||r ||||||| ||bul||
010 _aKNG00194085000
040 _aBLK
041 _aBUL
_cBUL
080 _aПодводни и водолазни работи
_b627.02
_x
_z627.02
100 1 _aДоников, Н. И.
_eпърви автор
_964424
700 1 _aЯнакиев, Грозю
_eпрев. от рус.
_9318532
139 _aДоников, Н. И.
_bД 77
245 1 0 _aЧовекът под водата
_cН. И. Доников; прев. от рус. Грозю Янакиев.
257 _aSUN
260 София
_bДърж. воен. изд.
_c1960
300 _a256 с.
_bс ил.
_c18 см
380 _a62
490 1 _aНаучно-популярна военна библиотека
650 4 _aВодолази
_9150998
852 _aЦб І 3909
856 4 _qpdf
_u
856 4 _qpdf
_u
942 _cKNG
_n0
944 _aCR
_c20.10.2016
_kПравда_Бадева
944 _aED
_c20.10.2016
_kПравда_Бадева
999 _c185101
_d185101